[Event "PRO League Group Stage"]
[Site "chess.com INT"]
[Date "2019.02.12"]
[Round "6"]
[White "Postny, Evgeny"]
[Black "Wang, Tianqi"]
[Result "0-1"]
[WhiteTitle "GM"]
[WhiteElo "2623"]
[BlackElo "2329"]
[WhiteTeam "Pittsburgh Pawngrabbers"]
[BlackTeam "Miami Champions"]
[WhiteFideId "2804344"]
[BlackFideId "2063824"]
[EventDate "2019.01.08"]

1. d4 Nf6 2. c4 e6 3. Nf3 Bb4+ 4. Bd2 c5 5. Bxb4 cxb4 6. a3 Qe7 7. e3 O-O 8.
axb4 Qxb4+ 9. Qd2 Nc6 10. Be2 b6 11. O-O Bb7 12. Nc3 Qe7 13. d5 exd5 14. cxd5
Na5 15. Nd4 Rfc8 16. Rfe1 g6 17. e4 d6 18. f3 Nd7 19. b3 Qf6 20. Rab1 a6 21.
Red1 Qd8 22. Rdc1 b5 23. Nd1 Qb6 24. Ne3 b4 25. Kh1 Rxc1+ 26. Rxc1 Nc5 27. Nef5
Qd8 28. Nxd6 Ncxb3 29. Nxb7 Qb6 30. Nxb3 Nxb3 31. Qf4 Nxc1 32. Nd6 Rf8 33. Bc4
b3 34. Nxf7 b2 35. d6 Qd4 36. Ng5+ Qxc4 0-1

[Event "PRO League Group Stage"]
[Site "chess.com INT"]
[Date "2019.02.12"]
[Round "6"]
[White "Erenburg, Sergey"]
[Black "Gulamali, Kazim"]
[Result "1-0"]
[WhiteTitle "GM"]
[BlackTitle "FM"]
[WhiteElo "2589"]
[BlackElo "2308"]
[WhiteTeam "Pittsburgh Pawngrabbers"]
[BlackTeam "Miami Champions"]
[WhiteFideId "2805642"]
[BlackFideId "2024764"]
[EventDate "2019.01.08"]

1. e4 e5 2. Nf3 Nc6 3. Bc4 Nf6 4. d3 Be7 5. O-O O-O 6. Re1 d6 7. a4 Be6 8. Nc3
Qd7 9. h3 Rae8 10. Nd5 Bxd5 11. exd5 Nb4 12. Bb5 c6 13. dxc6 bxc6 14. Bc4 a5 15.
Bd2 Rb8 16. c3 Nbd5 17. Qc2 Rfe8 18. d4 exd4 19. Nxd4 Nb6 20. Bd3 g6 21. Nb3 Qc7
22. Nxa5 d5 23. b4 Ra8 24. c4 dxc4 25. Bxc4 Kg7 26. Bb3 Rac8 27. Rac1 Qd7 28.
Bc3 Kg8 29. Bxf6 Bxf6 30. Rxe8+ Qxe8 31. Nxc6 Nd7 32. Ne7+ 1-0

[Event "PRO League Group Stage"]
[Site "chess.com INT"]
[Date "2019.02.12"]
[Round "6"]
[White "Iturrizaga Bonelli, Eduardo"]
[Black "Brattain, Mika"]
[Result "1-0"]
[WhiteTitle "GM"]
[WhiteElo "2637"]
[BlackElo "2411"]
[WhiteTeam "Miami Champions"]
[BlackTeam "Pittsburgh Pawngrabbers"]
[WhiteFideId "3901211"]
[BlackFideId "2071142"]
[EventDate "2019.01.08"]

1. Nf3 Nf6 2. c4 g6 3. Nc3 Bg7 4. g3 O-O 5. Bg2 d6 6. d4 Nc6 7. O-O a6 8. Bf4
Rb8 9. Rc1 h6 10. d5 e5 11. dxe6 Bxe6 12. b3 Qd7 13. Qd2 g5 14. Be3 Ng4 15. Bd4
Nge5 16. Nxe5 dxe5 17. Be3 Qxd2 18. Bxd2 Rfd8 19. Rcd1 Ne7 20. Bc1 f5 21. Rxd8+
Rxd8 22. Bxb7 e4 23. Nd5 Nxd5 24. cxd5 Bf7 25. Ba3 Bf8 26. Bxf8 Kxf8 27. Rc1 Rd7
28. Rc5 Ke7 29. b4 Kd6 30. a4 Ke5 31. a5 Bxd5 32. b5 1-0

[Event "PRO League Group Stage"]
[Site "chess.com INT"]
[Date "2019.02.12"]
[Round "6"]
[White "Gao, Rui"]
[Black "Song, Edward"]
[Result "0-1"]
[WhiteTitle "GM"]
[BlackTitle "FM"]
[WhiteElo "2543"]
[BlackElo "2355"]
[WhiteTeam "Miami Champions"]
[BlackTeam "Pittsburgh Pawngrabbers"]
[WhiteFideId "8602387"]
[BlackFideId "2051192"]
[EventDate "2019.01.08"]

1. e4 c5 2. Nf3 Nc6 3. Nc3 Nf6 4. d4 cxd4 5. Nxd4 e5 6. Ndb5 d6 7. Bg5 a6 8. Na3
b5 9. Nd5 Be7 10. Bxf6 Bxf6 11. c4 b4 12. Nc2 O-O 13. g3 a5 14. h4 Be6 15. Bg2
Nd4 16. Nxf6+ Qxf6 17. Nxd4 exd4 18. b3 d3 19. O-O Qd4 20. Qd2 a4 21. Rad1 axb3
22. axb3 Ra3 23. Qxb4 Ra2 24. Rd2 Rxd2 25. Qxd2 Rb8 26. Rb1 Bxc4 27. Bf1 h6 28.
b4 Qxe4 29. Rd1 Bd5 0-1

[Event "PRO League Group Stage"]
[Site "chess.com INT"]
[Date "2019.02.12"]
[Round "6"]
[White "So, Wesley"]
[Black "Sevian, Samuel"]
[Result "1/2-1/2"]
[WhiteTitle "GM"]
[BlackTitle "GM"]
[WhiteElo "2765"]
[BlackElo "2647"]
[WhiteTeam "Saint Louis Arch Bishops"]
[BlackTeam "Montclair Sopranos"]
[WhiteFideId "5202213"]
[BlackFideId "2040506"]
[EventDate "2019.01.08"]

1. d4 Nf6 2. c4 g6 3. g3 c5 4. dxc5 Qa5+ 5. Nc3 Qxc5 6. Qa4 Ng4 7. Nh3 Bg7 8.
Bd2 Qc6 9. Qxc6 dxc6 10. O-O-O O-O 11. b3 Na6 12. Ne4 Bf5 13. Bg2 h6 14. e3 Rad8
15. f4 Bxe4 16. Bxe4 Nc5 17. Bc2 Nd3+ 18. Bxd3 Rxd3 19. Bb4 Rxe3 20. Rhe1 Rxe1
21. Rxe1 Re8 22. Rd1 b6 23. Rd7 c5 24. Bd2 e5 25. fxe5 g5 26. Rxa7 Rxe5 27. a4
Re2 28. Ng1 Rxh2 29. Nf3 Rg2 30. Be1 Re2 31. Kd1 Rb2 32. Nd2 Ne3+ 33. Kc1 Rc2+
34. Kb1 Bc3 35. Nf1 Rb2+ 36. Kc1 Rc2+ 37. Kb1 Rb2+ 38. Kc1 Rxb3 39. Bxc3 Nxf1
40. Kc2 Ra3 41. Kb2 Rxc3 42. Kxc3 Nxg3 43. Rb7 h5 44. Rxb6 h4 45. a5 h3 46. a6
Ne2+ 47. Kd2 h2 48. a7 h1=Q 49. Rb8+ Kg7 50. a8=Q Qxa8 51. Rxa8 Nd4 52. Ke3 f5
53. Ra6 Kf7 54. Rd6 Ne6 55. Rd5 Kf6 56. Kf3 g4+ 57. Kg3 Kg5 58. Re5 Kf6 59. Rd5
Ng5 60. Kf4 Ne6+ 61. Kg3 1/2-1/2

[Event "PRO League Group Stage"]
[Site "chess.com INT"]
[Date "2019.02.12"]
[Round "6"]
[White "Checa, Nicolas"]
[Black "Bloomer, Josh"]
[Result "0-1"]
[WhiteTitle "IM"]
[WhiteElo "2508"]
[BlackElo "1950"]
[WhiteTeam "Montclair Sopranos"]
[BlackTeam "Saint Louis Arch Bishops"]
[WhiteFideId "2069342"]
[BlackFideId "2020416"]
[EventDate "2019.01.08"]

1. d4 Nf6 2. c4 g6 3. Nc3 d5 4. cxd5 Nxd5 5. Bd2 Bg7 6. e4 Nb6 7. Be3 O-O 8. Be2
Nc6 9. d5 Ne5 10. Bd4 c5 11. Bxc5 Nec4 12. Qb3 Nxb2 13. Rc1 Bxc3+ 14. Qxc3 N2a4
15. Qd4 Nxc5 16. Rxc5 Bd7 17. Nf3 Na4 18. Rc2 Rc8 19. Rxc8 Qa5+ 20. Qd2 Qxd2+
21. Kxd2 Rxc8 22. Ne5 Be8 23. f4 f6 24. Nd3 Bd7 25. Bf3 b5 26. e5 fxe5 27. fxe5
Bf5 28. Nb4 Rc4 29. Nc6 Rc2+ 30. Ke3 Kf8 31. Nxa7 Rxa2 32. Nxb5 Nb6 33. Nd4 Nc4+
34. Kf4 Ra4 35. Rc1 Nd2 36. e6 Rxd4+ 37. Ke5 Ra4 38. Rc8+ Kg7 39. d6 Nxf3+ 40.
gxf3 exd6+ 41. Kd5 Ra5+ 42. Kxd6 Ra6+ 43. Kc5 Rxe6 44. Rc7+ Kh6 45. Kd4 Re2 46.
h4 Rh2 47. Ke5 Rxh4 0-1

[Event "PRO League Group Stage"]
[Site "chess.com INT"]
[Date "2019.02.12"]
[Round "6"]
[White "Rohde, Michael"]
[Black "Theodorou, Nikolas"]
[Result "1/2-1/2"]
[WhiteTitle "GM"]
[BlackTitle "IM"]
[WhiteElo "2358"]
[BlackElo "2552"]
[WhiteTeam "Montclair Sopranos"]
[BlackTeam "Saint Louis Arch Bishops"]
[WhiteFideId "2000172"]
[BlackFideId "4262875"]
[EventDate "2019.01.08"]

1. Nf3 Nf6 2. c4 g6 3. Nc3 Bg7 4. e4 d6 5. d4 O-O 6. Be2 e5 7. d5 Na6 8. Bg5 h6
9. Bh4 Qe8 10. Nd2 Nh7 11. O-O f5 12. exf5 gxf5 13. Bh5 Qd7 14. Rb1 Bf6 15. Bxf6
Nxf6 16. f4 Qg7 17. Nb3 Kh8 18. Bf3 Rg8 19. Qd2 e4 20. Bd1 Nb4 21. Nc1 Bd7 22.
Re1 Rae8 23. Re3 Qe7 24. a3 Na6 25. b4 Rg7 26. N1e2 Reg8 27. Rg3 Ng4 28. h3 Nf6
29. Qe3 Nh5 30. Rxg7 Qxg7 31. Qf2 Nxf4 32. Nxf4 Qxc3 33. Bh5 Kh7 34. Bf7 Rg7 35.
Be6 Qe5 36. Rf1 Be8 37. Ne2 Bg6 38. Bxf5 Bxf5 39. Qxf5+ Qxf5 40. Rxf5 Re7 41.
Kf2 c5 42. dxc6 bxc6 43. Ke3 Nb8 44. g4 Nd7 45. Nd4 Ne5 46. c5 Nc4+ 47. Ke2 dxc5
48. Nxc6 Rd7 49. Rxc5 Rd2+ 50. Ke1 Rc2 51. Nd4 Rc3 52. Ne2 Rc2 53. Nd4 Rc3 54.
Ne2 Rc2 55. Nd4 1/2-1/2

[Event "PRO League Group Stage"]
[Site "chess.com INT"]
[Date "2019.02.12"]
[Round "6"]
[White "Moranda, Wojciech"]
[Black "Shimanov, Aleksandr"]
[Result "1/2-1/2"]
[WhiteTitle "GM"]
[BlackTitle "GM"]
[WhiteElo "2593"]
[BlackElo "2610"]
[WhiteTeam "New York Marshalls"]
[BlackTeam "Webster Windmills"]
[WhiteFideId "1122401"]
[BlackFideId "4198603"]
[EventDate "2019.01.08"]

1. d4 Nf6 2. c4 g6 3. Nc3 Bg7 4. e4 O-O 5. Nf3 d6 6. Be2 c5 7. d5 e6 8. O-O exd5
9. cxd5 a6 10. a4 Bg4 11. Be3 Bxf3 12. Bxf3 Re8 13. a5 Nbd7 14. Ra4 b5 15. axb6
Nxb6 16. Ra2 Nfd7 17. Qc2 Qe7 18. Na4 Reb8 19. b3 Nxa4 20. Rxa4 Rb6 21. Be2 Rab8
22. Rb1 Nf6 23. Bd2 Nxd5 24. Rxa6 Rxa6 25. Bxa6 Nb4 26. Bxb4 Rxb4 27. Bc4 Bd4
28. g3 1/2-1/2

[Event "PRO League Group Stage"]
[Site "chess.com INT"]
[Date "2019.02.12"]
[Round "6"]
[White "Azarov, Sergei"]
[Black "Grabinsky, Joshua"]
[Result "1-0"]
[WhiteTitle "GM"]
[BlackTitle "CM"]
[WhiteElo "2575"]
[BlackElo "2078"]
[WhiteTeam "New York Marshalls"]
[BlackTeam "Webster Windmills"]
[WhiteFideId "13501470"]
[BlackFideId "30919754"]
[EventDate "2019.01.08"]

1. e4 e6 2. d4 d5 3. Nd2 dxe4 4. Nxe4 Nd7 5. Nf3 Ngf6 6. Bd3 b6 7. Qe2 Be7 8.
Nxf6+ Nxf6 9. Ne5 O-O 10. Nc6 Qe8 11. Nxe7+ Qxe7 12. Bg5 c5 13. Bxf6 Qxf6 14.
Qe4 g6 15. Qxa8 Qxd4 16. Qe4 Qxb2 17. O-O Rd8 18. a4 Kg7 19. a5 b5 20. Rab1 Qc3
21. Bxb5 Rd2 22. Bd3 Bd7 23. a6 Qa5 24. Qe5+ f6 25. Qd6 Bc8 26. Rb8 c4 27. Rxc8
cxd3 28. Qf8# 1-0

[Event "PRO League Group Stage"]
[Site "chess.com INT"]
[Date "2019.02.12"]
[Round "6"]
[White "Robson, Ray"]
[Black "Khamrakulov, Djurabek"]
[Result "1-0"]
[WhiteTitle "GM"]
[BlackTitle "GM"]
[WhiteElo "2667"]
[BlackElo "2503"]
[WhiteTeam "Webster Windmills"]
[BlackTeam "New York Marshalls"]
[WhiteFideId "2023970"]
[BlackFideId "14201143"]
[EventDate "2019.01.08"]

1. e4 c6 2. d4 d5 3. e5 Bf5 4. Nf3 e6 5. Be2 Nd7 6. c3 h6 7. a4 Qc7 8. O-O g5 9.
a5 Bxb1 10. Rxb1 Qxa5 11. Bd3 Ne7 12. h4 g4 13. Ne1 h5 14. f3 Qb6 15. fxg4 hxg4
16. Qxg4 Nxe5 17. Qf4 Rh5 18. g4 Rxh4 19. Qxe5 Rxg4+ 20. Ng2 Rc8 21. Qh5 Rg3 22.
Rxf7 Kd7 23. Qe2 Bg7 24. Bf5 Bxd4+ 25. cxd4 Qxd4+ 26. Kf1 Rh8 27. Qxe6+ 1-0

[Event "PRO League Group Stage"]
[Site "chess.com INT"]
[Date "2019.02.12"]
[Round "6"]
[White "Durarbayli, Vasif"]
[Black "Xu, Grant"]
[Result "1/2-1/2"]
[WhiteTitle "GM"]
[WhiteElo "2620"]
[BlackElo "2207"]
[WhiteTeam "Webster Windmills"]
[BlackTeam "New York Marshalls"]
[WhiteFideId "13402935"]
[BlackFideId "2052318"]
[EventDate "2019.01.08"]

1. e4 d5 2. exd5 Qxd5 3. Nc3 Qd8 4. Bc4 Nf6 5. h3 c6 6. Nf3 Bf5 7. O-O e6 8. Nh4
Bxh3 9. gxh3 Qd4 10. Bxe6 Qxh4 11. Bc8 Kd8 12. Bxb7 Qxh3 13. d4 Bd6 14. f4 Qg3+
15. Kh1 Qh3+ 16. Kg1 Qg3+ 17. Kh1 Qh3+ 18. Kg1 Qg3+ 19. Kh1 1/2-1/2

[Event "PRO League Group Stage"]
[Site "chess.com INT"]
[Date "2019.02.13"]
[Round "6"]
[White "Saric, Ivan"]
[Black "Edouard, Romain"]
[Result "1/2-1/2"]
[WhiteTitle "GM"]
[BlackTitle "GM"]
[WhiteElo "2690"]
[BlackElo "2643"]
[WhiteTeam "Montreal Chessbrahs"]
[BlackTeam "London Lions"]
[WhiteFideId "14508150"]
[BlackFideId "633429"]
[EventDate "2019.01.08"]

1. e4 c5 2. Nf3 Nc6 3. d4 cxd4 4. Nxd4 e5 5. Nb5 d6 6. N1c3 a6 7. Na3 Be6 8. Nc4
b5 9. Ne3 Nf6 10. g3 Be7 11. Bg2 O-O 12. O-O Rc8 13. Ncd5 Bxd5 14. exd5 Nb8 15.
c3 Re8 16. a4 Nbd7 17. axb5 axb5 18. Qe2 Qb6 19. Nf5 Bf8 20. Be3 Qb8 21. Ra5 Rc4
22. Rfa1 g6 23. Ba7 Qb7 24. Ne3 Ra4 25. R1xa4 bxa4 26. Qb5 Qxb5 27. Rxb5 Ra8 28.
Rb7 Bh6 29. Nc4 Bc1 30. Bh3 Bxb2 31. Bxd7 Nxd7 32. Rxb2 Rxa7 33. Nxd6 a3 34. Ra2
Nb6 35. c4 Ra4 36. Kf1 Kf8 37. c5 Nxd5 38. Nb5 Ra5 39. Nxa3 Rxc5 40. Nc2 h5 41.
h4 Kg7 42. Ne1 Kf6 43. Ra6+ Kf5 44. Nf3 f6 45. Kg2 Rc2 46. Ra5 Ne3+ 47. Kg1 Rc1+
48. Kh2 Ng4+ 49. Kg2 Rb1 50. Nh2 Nh6 51. Nf1 Rb6 52. Ne3+ Ke6 53. Ra8 Nf5 54.
Nxf5 Kxf5 55. Ra4 Rb5 56. Ra6 g5 57. hxg5 Kxg5 58. Ra8 Rb7 59. Rg8+ Kh6 60. Kh3
Rg7 61. Rf8 Kg5 62. f3 Ra7 63. Rg8+ Kf5 64. Rh8 Ra3 65. Kg2 Ra2+ 66. Kg1 e4 67.
Rxh5+ Kg6 68. Rh4 exf3 69. Rg4+ Kh5 70. Rf4 Rg2+ 71. Kf1 Rxg3 72. Rxf6 Kg5 73.
Rf8 Rh3 74. Kf2 Kg6 75. Rxf3 Rxf3+ 76. Kxf3 1/2-1/2

[Event "PRO League Group Stage"]
[Site "chess.com INT"]
[Date "2019.02.12"]
[Round "6"]
[White "Hansen, Eric"]
[Black "Tan, Justin2"]
[Result "1-0"]
[WhiteTitle "GM"]
[BlackTitle "GM"]
[WhiteElo "2615"]
[BlackElo "2502"]
[WhiteTeam "Montreal Chessbrahs"]
[BlackTeam "London Lions"]
[WhiteFideId "2606771"]
[BlackFideId "3206882"]
[EventDate "2019.01.08"]

1. e4 e5 2. Nf3 Nc6 3. Bb5 a6 4. Ba4 Nf6 5. O-O Be7 6. Re1 b5 7. Bb3 d6 8. c3
O-O 9. h3 Nb8 10. d4 Nbd7 11. Nbd2 Bb7 12. a4 c5 13. d5 c4 14. Bc2 Qc7 15. Nf1
Rfb8 16. Ng3 Bf8 17. Nf5 Bc8 18. Bg5 h6 19. Bh4 g6 20. Ne3 Bg7 21. Nd2 Nc5 22.
Qf3 Nh7 23. Ra2 Bd7 24. Rea1 Qc8 25. Be7 Bf8 26. Bxf8 Qxf8 27. Qg3 Kh8 28. f4
exf4 29. Qxf4 Nd3 30. Bxd3 cxd3 31. axb5 Bxb5 32. c4 Be8 33. b3 Rb6 34. Qf1 Qg7
35. Qxd3 Nf6 36. Qd4 Nd7 37. Qxg7+ Kxg7 38. Nc2 f5 39. exf5 gxf5 40. Nd4 Bg6 41.
Ne6+ Kf6 42. Kf2 Bf7 43. Nc7 Rc8 44. Nxa6 Ne5 45. Ra4 f4 46. Kg1 Be8 47. Rb4
Rcb8 48. Rxb6 Rxb6 49. Nc7 Bg6 50. Ra6 Rxa6 51. Nxa6 Nd3 52. b4 Bf5 53. b5 Bc8
54. Nb8 Ke7 55. Nc6+ Kd7 56. Kf1 Kc7 57. Ke2 Ne5 58. Nxe5 dxe5 59. c5 Bf5 60.
b6+ Kd8 61. c6 1-0

[Event "PRO League Group Stage"]
[Site "chess.com INT"]
[Date "2019.02.13"]
[Round "6"]
[White "Williams, Simon K"]
[Black "Noritsyn, Nikolay"]
[Result "1-0"]
[WhiteTitle "GM"]
[BlackTitle "IM"]
[WhiteElo "2477"]
[BlackElo "2484"]
[WhiteTeam "London Lions"]
[BlackTeam "Montreal Chessbrahs"]
[WhiteFideId "404454"]
[BlackFideId "2604922"]
[EventDate "2019.01.08"]

1. d4 f5 2. h3 e6 3. g4 d5 4. Nf3 Nf6 5. Bf4 Bd6 6. Ne5 Nc6 7. e3 O-O 8. gxf5
exf5 9. Rg1 Kh8 10. Nc3 Qe7 11. Nd3 Be6 12. Bxd6 cxd6 13. Nf4 Rae8 14. Qf3 Qf7
15. Bd3 Ne4 16. Bxe4 fxe4 17. Qg3 g5 18. Nxe6 Rxe6 19. O-O-O Rg6 20. Rdf1 Ne7
21. Qg4 Nf5 22. Qh5 Rfg8 23. Qe2 Rf6 24. Qb5 Ne7 25. Qxb7 Rxf2 26. Re1 a5 27.
Qd7 Rf5 28. Qxd6 Ng6 29. Rd1 Nh4 30. Rh1 Nf3 31. Na4 Rf6 32. Qa3 Qc7 33. Nc5 h6
34. Qb3 Rd8 35. Qb7 Qxb7 36. Nxb7 Ra8 37. a4 h5 38. b3 Kg7 39. Rdf1 Kg6 40. Rf2
Kf5 41. Nc5 Ra7 42. Rg2 Rg7 43. c4 Rd6 44. cxd5 Rxd5 45. Kc2 Rd8 46. Kc3 Rb8 47.
Rg3 Rg6 48. Rf1 Rc8 49. Rfxf3+ exf3 50. Rxf3# 1-0

[Event "PRO League Group Stage"]
[Site "chess.com INT"]
[Date "2019.02.13"]
[Round "6"]
[White "Harvey, Marcus R"]
[Black "Tomb, Maroun"]
[Result "1/2-1/2"]
[WhiteTitle "FM"]
[BlackTitle "CM"]
[WhiteElo "2397"]
[BlackElo "2180"]
[WhiteTeam "London Lions"]
[BlackTeam "Montreal Chessbrahs"]
[WhiteFideId "400092"]
[BlackFideId "5300398"]
[EventDate "2019.01.08"]

1. Nf3 d6 2. d4 Nf6 3. b3 Nbd7 4. Bb2 c6 5. e3 Qc7 6. a4 e5 7. dxe5 dxe5 8. Bc4
Bb4+ 9. Bc3 Bxc3+ 10. Nxc3 O-O 11. O-O a5 12. Qe2 Nc5 13. e4 Bg4 14. h3 Bh5 15.
Rfe1 Rfd8 16. Qe3 b6 17. Nh4 Bg6 18. Nxg6 hxg6 19. Qg3 Rd4 20. f3 Rad8 21. Rad1
Qe7 22. Qg5 Kf8 23. Rxd4 Rxd4 24. Ne2 Rd8 25. Nc3 Rd4 26. Ne2 Rd6 27. Qh4 Qd7
28. Qg5 Qe7 29. Qh4 Qd7 30. Qg5 Rd1 31. Rxd1 Qxd1+ 32. Kh2 Qd6 33. Qe3 Nh5 34.
Nc3 Nf4 35. g3 Nh5 36. h4 Ke7 37. Qg5+ Nf6 38. Qe3 Ncd7 39. Kg2 Qa3 40. Qd2 Qb4
41. Nb1 Ne8 42. Qg5+ Nef6 43. Qd2 Qc5 44. Qf2 Ne8 45. Qxc5+ Nxc5 46. Kf2 Nd6 47.
Bf1 f5 48. exf5 gxf5 49. Ke3 Ne6 50. f4 exf4+ 51. gxf4 c5 52. Nd2 Nd4 53. Bd3
Kf6 54. h5 Ke6 55. Nf1 Kf6 56. Nd2 Ne8 57. Nc4 Ke6 58. Nxb6 Nf6 59. c3 Ng4+ 60.
Kd2 Nf3+ 61. Ke2 Ng1+ 62. Kf1 Nh3 63. Bc4+ Kd6 64. Nd5 Nhf2 65. b4 cxb4 66. cxb4
axb4 67. Nxb4 Kc5 68. Nd3+ Kxc4 69. Nxf2 Ne3+ 70. Ke2 Nd5 71. Kf3 Nf6 72. Nd1
Nxh5 73. Ne3+ Kb4 74. Nxf5 Nxf4 75. a5 Kxa5 76. Kxf4 g5+ 77. Kg4 Kb5 78. Kxg5 1/2-1/2

[Event "PRO League Group Stage"]
[Site "chess.com INT"]
[Date "2019.02.13"]
[Round "6"]
[White "Gao, Rui"]
[Black "Postny, Evgeny"]
[Result "1/2-1/2"]
[WhiteTitle "GM"]
[BlackTitle "GM"]
[WhiteElo "2543"]
[BlackElo "2623"]
[WhiteTeam "Miami Champions"]
[BlackTeam "Pittsburgh Pawngrabbers"]
[WhiteFideId "8602387"]
[BlackFideId "2804344"]
[EventDate "2019.01.08"]

1. e4 e5 2. Nf3 Nc6 3. Nc3 Nf6 4. Bb5 Nd4 5. Bc4 Nxf3+ 6. Qxf3 d6 7. Nd5 Be7 8.
Nxe7 Qxe7 9. d3 h6 10. O-O Be6 11. Bb3 O-O-O 12. Qe3 Kb8 13. f4 Ng4 14. Qg3 h5
15. Bxe6 Qxe6 16. h3 exf4 17. Bxf4 Nf6 18. Bg5 Rdg8 19. Qf2 Nh7 20. Be3 Rf8 21.
Bxa7+ Kc8 22. Bd4 Rhg8 23. Qd2 f5 24. Qa5 fxe4 25. Qa8+ Kd7 26. Qxb7 Rxf1+ 27.
Rxf1 exd3 28. Qb5+ Kc8 29. Qa6+ Kd7 30. Qb5+ Kc8 31. Qxd3 Nf6 32. Qa6+ Kd7 33.
Qb5+ Kc8 34. Rf3 Rh8 35. Qa6+ Kd7 36. Qa4+ Kd8 37. Qa8+ Qc8 38. Bxf6+ gxf6 39.
Qxc8+ Kxc8 40. Rxf6 Kd7 41. a4 Re8 42. Kf2 Re4 43. b3 Rd4 44. Ke3 Rd1 45. Rh6
Rg1 46. Kf3 Rf1+ 47. Kg3 Rf5 48. Kh4 Rf2 49. Rg6 Rxc2 50. Kxh5 Rc3 51. h4 Rxb3
52. Kg4 Rb4+ 53. Kh3 Rxa4 54. h5 Ke7 55. h6 Kf7 56. Rg7+ Kf6 57. g4 Ra1 58. g5+
Kf5 59. Rg8 Rh1+ 60. Kg2 Rh5 61. Kf3 c5 62. Rg7 c4 63. Ke3 Rh3+ 64. Kd2 d5 65.
h7 d4 66. g6 Rh2+ 67. Kd1 Rh1+ 68. Kd2 Rh2+ 69. Kd1 Rh1+ 70. Ke2 Rh2+ 71. Kd1
Rh1+ 72. Kc2 Rh2+ 73. Kc1 Rh1+ 74. Kb2 Rh2+ 75. Ka3 d3 76. Rg8 d2 77. Rd8 c3 78.
Kb3 Kxg6 79. Kxc3 Rxh7 80. Rxd2 Rc7+ 81. Kd3 Rd7+ 82. Ke2 Rxd2+ 83. Kxd2 1/2-1/2

[Event "PRO League Group Stage"]
[Site "chess.com INT"]
[Date "2019.02.13"]
[Round "6"]
[White "Iturrizaga Bonelli, Eduardo"]
[Black "Erenburg, Sergey"]
[Result "1-0"]
[WhiteTitle "GM"]
[BlackTitle "GM"]
[WhiteElo "2637"]
[BlackElo "2589"]
[WhiteTeam "Miami Champions"]
[BlackTeam "Pittsburgh Pawngrabbers"]
[WhiteFideId "3901211"]
[BlackFideId "2805642"]
[EventDate "2019.01.08"]

1. c4 c6 2. g3 d5 3. Bg2 Nf6 4. Nf3 dxc4 5. O-O b5 6. a4 Bb7 7. d3 cxd3 8. Ne5
a6 9. Qxd3 Qxd3 10. Nxd3 e6 11. Nd2 Nbd7 12. Nb3 Nd5 13. Na5 O-O-O 14. axb5 axb5
15. Bf4 c5 16. Rfc1 Be7 17. b4 g5 18. Be3 c4 19. Nxc4 bxc4 20. Rxc4+ Kb8 21.
Ba7+ Ka8 22. e4 Bf6 23. Ra5 Rc8 24. Bc5+ Kb8 25. exd5 Bxd5 26. Rb5+ Kc7 27. Be7+
Bxc4 28. Rb7# 1-0

[Event "PRO League Group Stage"]
[Site "chess.com INT"]
[Date "2019.02.12"]
[Round "6"]
[White "Brattain, Mika"]
[Black "Gulamali, Kazim"]
[Result "1-0"]
[BlackTitle "FM"]
[WhiteElo "2411"]
[BlackElo "2308"]
[WhiteTeam "Pittsburgh Pawngrabbers"]
[BlackTeam "Miami Champions"]
[WhiteFideId "2071142"]
[BlackFideId "2024764"]
[EventDate "2019.01.08"]

1. Nf3 d5 2. g3 g6 3. c4 dxc4 4. Na3 Bg7 5. Nxc4 Nf6 6. Bg2 O-O 7. O-O Nc6 8. d3
Nd5 9. Rb1 a5 10. a3 a4 11. Qc2 e5 12. e3 h6 13. Bd2 Be6 14. e4 Nde7 15. Bc3 b5
16. Ncxe5 Na5 17. d4 Bb3 18. Qe2 Nc4 19. Nd3 Nb6 20. Rfe1 Bc4 21. Qd2 Nc6 22.
Nc5 Ba2 23. Ra1 Nc4 24. Qd3 Bb3 25. Nxb3 axb3 26. Rad1 Qb8 27. e5 Ne7 28. Nd2
Ra4 29. Nxb3 1-0

[Event "PRO League Group Stage"]
[Site "chess.com INT"]
[Date "2019.02.12"]
[Round "6"]
[White "Song, Edward"]
[Black "Wang, Tianqi"]
[Result "1/2-1/2"]
[WhiteTitle "FM"]
[WhiteElo "2355"]
[BlackElo "2329"]
[WhiteTeam "Pittsburgh Pawngrabbers"]
[BlackTeam "Miami Champions"]
[WhiteFideId "2051192"]
[BlackFideId "2063824"]
[EventDate "2019.01.08"]

1. e4 d5 2. exd5 Qxd5 3. Nc3 Qd8 4. d4 Nf6 5. Nf3 Bg4 6. h3 Bxf3 7. Qxf3 c6 8.
Be3 e6 9. Bd3 Bb4 10. O-O Nbd7 11. Ne4 Nxe4 12. Qxe4 Be7 13. c4 Nf6 14. Qf3 O-O
15. Rad1 a5 16. Bc2 a4 17. Rfe1 a3 18. b3 Qa5 19. Bf4 Rfd8 20. Be5 Rd7 21. g3
Rad8 22. Kg2 Ne8 23. Qe4 g6 24. Re2 Bf6 25. Bxf6 Nxf6 26. Qf4 Nh5 27. Qe3 Qb6
28. Red2 Qb4 29. Be4 Nf6 30. Bc2 b5 31. Qf3 Kg7 32. Qxc6 bxc4 33. Qxc4 Qb7+ 34.
Kg1 Rc7 35. Qe2 Rdc8 36. Bd3 Rc1 37. Rxc1 Rxc1+ 38. Rd1 Rxd1+ 39. Qxd1 Qb4 40.
Bc4 Qc3 41. d5 exd5 42. Bxd5 Nxd5 1/2-1/2

[Event "PRO League Group Stage"]
[Site "chess.com INT"]
[Date "2019.02.13"]
[Round "6"]
[White "Sevian, Samuel"]
[Black "Caruana, Fabiano"]
[Result "0-1"]
[WhiteTitle "GM"]
[BlackTitle "GM"]
[WhiteElo "2647"]
[BlackElo "2828"]
[WhiteTeam "Montclair Sopranos"]
[BlackTeam "Saint Louis Arch Bishops"]
[WhiteFideId "2040506"]
[BlackFideId "2020009"]
[EventDate "2019.01.08"]

1. d4 Nf6 2. c4 e6 3. g3 c5 4. d5 exd5 5. cxd5 d6 6. Nc3 g6 7. Bg2 Bg7 8. Nf3
O-O 9. O-O Re8 10. Re1 a6 11. a4 Ne4 12. Nxe4 Rxe4 13. Qc2 Re8 14. e4 Nd7 15.
Bg5 Qb6 16. Rab1 Ne5 17. Nd2 Qb4 18. b3 b5 19. Nf1 Bd7 20. Bd2 Qd4 21. Red1 bxa4
22. Bh6 axb3 23. Rxb3 Qc4 24. Rc3 Nf3+ 25. Bxf3 Qxc3 26. Qxc3 Bxc3 27. Ne3 Bb5
28. Ng4 a5 29. Bf4 h5 30. Nh6+ Kg7 31. Rb1 Bb4 32. g4 Bd3 0-1